| 000 | 00900nam a2200253 a 4500 | ||
|---|---|---|---|
| 001 | 000020152 | ||
| 005 | 20200929170305.0 | ||
| 008 | 100723s1945 sp r 001 e spa d | ||
| 040 |
_aDO-SdBNP _bspa _cBNPHU |
||
| 082 |
_a864.44 _bQ67s |
||
| 100 | 1 |
_aQuiles, Ismael, _d1906-1993 _941578 |
|
| 245 | 1 | 0 |
_aSan Isidro De Sevilla : _bbiografía, escritos, doctrina / _cIsmael Quiles. |
| 250 | _a2a ed. | ||
| 260 |
_aMadrid : _bEspasa-Calpe, _c1945. |
||
| 300 |
_a155 p. ; _c18 cm. |
||
| 490 | 1 |
_aAustral. Verde : ensayos y folosofía ; _v527 |
|
| 500 | _aIncluye referencia biográfica del autor en la solapa. | ||
| 500 | _aIncluye índice de autores. | ||
| 504 | _aIncluye referencias bibliográficas y notas al pie de las páginas. | ||
| 650 | 4 |
_aEnsayos españoles _93095 |
|
| 650 | 4 |
_aLiteratura española _9632 |
|
| 830 | 0 |
_aAustral. Verde : ensayos y folosofía ; _v527 _942743 |
|
| 049 | _aBNGR | ||
| 999 |
_c19659 _d19659 |
||